000 00842nam a22002177a 4500
999 _c17872
_d17872
003 AR-CdUCM
008 190503b ||||| |||| 00| 0 spa d
040 _aMUNICIPALIDAD PROVINCIAL DEL CUSCO
_cBIBLIOTECA MUNICIPAL DEL CUSCO
082 _a081 /
_bL45
100 _aLenin, Vladimir I.
_938075
245 _aObras completas /
260 _aArgentina :
_bCartago,
_c1970.
300 _a15 tomos ;
_c20 cm.
505 _aContenido :Rasgos de la decadencia actual -- Manifestación de obreros Ingleses -- Conferencias sobre el Marxismo -- Comité ejecutivo del partido obrero socialdemócrata Alemán -- La liquidación de liquidacionismo...
650 _aDecadencia actual
_938076
650 _aRevolución Rusa
_91925
650 _aCampos de concentración
_938077
650 _aMilitarismo
_95662
942 _2ddc
_cLIBROS
945 _arcc